[Event "Match"]
[Site "www.echecsemail.com"]
[Date "2015.01.10"]
[Round "1"]
[White "Generalfree"]
[Black "Paco"]
[WhiteElo "2030"]
[BlackElo "1990"]
[Result "0-1"]
[Round "1"]
1.e4 e5
2.Ng1f3 Nb8c6
3.Bf1b5 Ng8f6
4.Bb5xc6 dxc6
5.Nf3xe5 Qd8d4
6.Ne5d3 Qd4xe4
7.Qd1e2 Qe4xe2
8.Kxe2 Bf8d6
9.Nb1c3 O-O
10.g3 Bc8g4
11.f3 Bg4h3
12.Nd3f2 Rf8e8
13.Kd1 Bh3g2
14.Rh1e1 Bg2xf3
15.Nc3e2 a5
16.b3 Bd6c5
17.Nf2d3 Nf6g4
18.c3 Bc5b6
19.Nd3f4 Ng4xh2
20.d4 a4
21.b4 g5
22.Nf4d3 Bb6a7
23.Bc1xg5 Nh2f1
24.Nd3f4 Nf1xg3
25.Kd2 Ng3e4
26.Kd3 Ne4xg5
{ resign }
0-1

[Event "Match"]
[Site "www.echecsemail.com"]
[Date "2015.01.10"]
[Round "1"]
[White "Pgcbies"]
[Black "Bertel"]
[WhiteElo "2740"]
[BlackElo "2350"]
[Result "1-0"]
[Round "1"]
1.e4 c5
2.Ng1f3 e6
3.d4 cxd4
4.Nf3xd4 a6
5.Nb1c3 Qd8c7
6.Bf1d3 Ng8f6
7.O-O d6
8.f4 Nb8d7
9.Kh1 Bf8e7
10.Bc1d2 b6
11.Qd1e2 Bc8b7
12.b4 O-O
13.Ra1e1 Rf8d8
14.a4 Nd7f8
15.b5 a5
16.f5 e5
17.Nd4c6 Bb7xc6
18.bxc6 Qc7xc6
19.g4 h6
20.h4 Nf8h7
21.g5 hxg5
22.hxg5 Nh7xg5
23.Rf1g1 d5
24.Bd2xg5 Qc6xc3
25.Qe2g2 Kf8
26.Bg5d2 Qc3c5
27.Qg2xg7 Ke8
28.Bd3b5 { resign }
1-0

[Event "Match"]
[Site "www.echecsemail.com"]
[Date "2015.01.10"]
[Round "1"]
[White "Sorel"]
[Black "Blackpool"]
[WhiteElo "2000"]
[BlackElo "1720"]
[Result "1/2-1/2"]
[Round "1"]
1.e4 c6
2.Ng1f3 d5
3.exd5 cxd5
4.Bf1b5 Bc8d7
5.Bb5xd7 Nb8xd7
6.d4 Ng8f6
7.Nb1c3 e6
8.Bc1f4 Bf8b4
9.O-O O-O
10.a3 Bb4xc3
11.bxc3 Nf6e4
12.Qd1d3 Qd8a5
13.c4 b6
14.cxd5 exd5
15.Nf3e5 Nd7xe5
16.Bf4xe5 f6
17.Be5f4 Rf8e8
18.h3 Ra8c8
19.Rf1e1 Rc8c3
20.Qd3d1 Rc3xa3
21.Ra1xa3 Qa5xa3
22.f3 Ne4d6
23.Bf4xd6 Re8xe1
24.Qd1xe1 Qa3xd6
25.Qe1e8 Qd6f8
26.Qe8d7 Qf8f7
27.Qd7c8 Qf7f8
28.Qc8b7 Qf8a3
29.Qb7xd5 Kf8
30.Qd5d8 Kf7
31.Qd8d7 Qa3e7
32.Qd7d5 Qe7e6
33.Qd5b7 Qe6e7
34.Qb7d5 Qe7e6
{ draw }
1/2-1/2

[Event "Match"]
[Site "www.echecsemail.com"]
[Date "2015.01.10"]
[Round "1"]
[White "Add"]
[Black "Mdesouza"]
[WhiteElo "1900"]
[BlackElo "1970"]
[Result "0-1"]
[Round "1"]
1.e4 e5
2.Ng1f3 Nb8c6
3.d4 exd4
4.Nf3xd4 Bf8c5
5.Nd4f3 d6
6.h3 Ng8f6
7.Bf1d3 Bc8e6
8.Bc1g5 Qd8e7
9.O-O O-O-O
10.Nb1c3 h6
11.Bg5e3 g5
12.Nf3h2 Bc5xe3
13.fxe3 Nc6e5
14.Nc3b5 Kb8
15.Nb5d4 Rd8g8
16.Nd4xe6 Qe7xe6
17.a4 g4
18.h4 Ne5f3
19.Nh2xf3 gxf3
20.Qd1xf3 Nf6g4
21.b3 Ng4e5
22.Qf3e2 Rg8g3
23.Rf1f2 Qe6h3
24.Ra1f1 Ne5g4
25.Qe2xg4 Rg3xg4
{ resign }
0-1

[Event "Match"]
[Site "www.echecsemail.com"]
[Date "2015.01.10"]
[Round "1"]
[White "Hundegana"]
[Black "Cardiff"]
[WhiteElo "1930"]
[BlackElo "2120"]
[Result "1-0"]
[Round "1"]
1.e4 c6
2.c3 d5
3.e5 g6
4.d4 Bf8g7
5.Ng1e2 Bc8f5
6.Nb1d2 f6
7.Ne2g3 h5
8.Ng3xf5 gxf5
9.Bf1d3 e6
10.O-O fxe5
11.dxe5 Qd8e7
12.Rf1e1 Nb8d7
13.Nd2f3 Nd7c5
14.Bd3b1 O-O-O
15.Bc1f4 Ng8h6
16.h3 Nc5e4
17.Qd1a4 Kb8
18.Bb1d3 Ne4c5
19.Qa4a3 b6
20.Bd3c2 Qe7b7
21.b4 Nc5e4
22.Bc2xe4 fxe4
23.Nf3d4 Rd8e8
24.Ra1b1 Nh6f5
25.b5 Nf5xd4
26.cxd4 Re8c8
27.Qa3d6 Ka8
28.Qd6xe6 Rc8g8
29.bxc6 Qb7c8
30.Qe6xd5 { resign }
1-0

[Event "Match"]
[Site "www.echecsemail.com"]
[Date "2015.01.10"]
[Round "1"]
[White "Longdiagonal"]
[Black "Andregor"]
[WhiteElo "1809"]
[BlackElo "2500"]
[Result "0-1"]
[Round "1"]
1.e4 e6
2.d4 d5
3.Nb1d2 Ng8f6
4.e5 Nf6d7
5.Bf1d3 c5
6.c3 Nb8c6
7.Ng1e2 Qd8b6
8.Nd2f3 cxd4
9.cxd4 f6
10.exf6 Nd7xf6
11.O-O Bf8d6
12.Ne2f4 O-O
13.Rf1e1 Bc8d7
14.Nf4xe6 Rf8e8
15.Ne6c5 Nc6xd4
16.Nf3xd4 Bd6xc5
17.Re1xe8 Ra8xe8
18.Bc1e3 Re8xe3
19.fxe3 Nf6g4
{ resign }
0-1

[Event "Match"]
[Site "www.echecsemail.com"]
[Date "2015.01.10"]
[Round "1"]
[White "Spartacus42"]
[Black "Billyg"]
[WhiteElo "1809"]
[BlackElo "1550"]
[Result "1-0"]
[Round "1"]
1.e4 e5
2.Ng1f3 f6
3.Nf3xe5 fxe5
4.Qd1h5 g6
5.Qh5xe5 Qd8e7
6.Qe5xh8 Qe7xe4
7.Bf1e2 Ng8e7
8.Qh8c3 Ne7d5
9.Qc3f3 Qe4xf3
10.Be2xf3 Nd5f4
11.d4 c5
12.Bc1xf4 Nb8a6
13.dxc5 Na6xc5
14.Nb1c3 d6
15.O-O-O h6
16.Rh1e1 Kf7
17.Bf4xd6 Bf8xd6
18.Rd1xd6 Bc8f5
19.Bf3d5 Kg7
20.Re1e7 Kf8
21.Re7h7 { resign }
1-0

[Event "Match"]
[Site "www.echecsemail.com"]
[Date "2015.01.10"]
[Round "1"]
[White "Llord"]
[Black "Nugun"]
[WhiteElo "1710"]
[BlackElo "1309"]
[Result "0-1"]
[Round "1"]
1.e4 c5
2.Bf1c4 d6
3.Ng1f3 Ng8f6
4.Nb1c3 Nb8c6
5.Nf3g5 e6
6.d3 d5
7.exd5 exd5
8.Bc4b5 d4
9.Nc3e2 Qd8a5
10.Bc1d2 Qa5xb5
11.O-O Bf8d6
12.Bd2f4 Bd6e5
13.Rf1e1 O-O
14.Bf4xe5 Nc6xe5
15.Ne2f4 c4
16.b3 h6
17.bxc4 Qb5c5
18.Ng5e4 Nf6xe4
19.Re1xe4 Bc8f5
20.Re4e1 Bf5g4
21.Qd1b1 Ne5f3
22.gxf3 Bg4xf3
23.Nf4d5 a6
24.Qb1xb7 Kh8
25.Re1e7 Qc5d6
26.Re7xf7 Qd6g6
27.Kf1 Qg6g2
28.Ke1 Rf8e8
29.Kd2 Qg2g5
30.Rf7f4 Qg5xf4
31.Nd5xf4 Bf3xb7
32.Ra1g1 g5
33.Nf4h5 Ra8b8
34.Nh5f6 Re8f8
35.Nf6d7 Rf8xf2
36.Ke1 Rf2f8
37.Nd7xb8 Rf8xb8
38.Rg1g4 Rb8d8
39.Kf2 a5
40.h4 Bb7c8
41.Rg4e4 g4
42.a3 Rd8g8
43.Re4xd4 g3
44.Kg2 Bc8b7
45.Kg1 Rg8e8
46.Rd4d7 Re8e1

0-1

[Event "Match"]
[Site "www.echecsemail.com"]
[Date "2015.01.10"]
[Round "1"]
[White "Catalani"]
[Black "Sbartlett"]
[WhiteElo "1599"]
[BlackElo "1399"]
[Result "1-0"]
[Round "1"]
1.d4 d5
2.Bc1f4 Bc8f5
3.e3 Qd8d7
4.a4 a6
5.Ra1a3 e6
6.Ra3b3 Qd7c6
7.Nb1c3 Kd8
8.Bf1d3 Bf5e4
9.Bd3xe4 dxe4
10.d5 exd5
11.Nc3xd5 Kc8
12.Bf4xc7 Nb8d7
13.Rb3c3 Qc6e6
14.a5 Bf8c5
15.Bc7b6 Qe6c6
16.Bb6xc5 Qc6b5
17.Bc5d4 { resign }
1-0

[Event "Match"]
[Site "www.echecsemail.com"]
[Date "2015.01.10"]
[Round "1"]
[White "Delacey"]
[Black "Reanna"]
[WhiteElo "1689"]
[BlackElo "1700"]
[Result "1-0"]
[Round "1"]
1.d4 e6
2.e4 Nb8c6
3.Ng1f3 Ng8f6
4.Bc1g5 Bf8e7
5.Bg5xf6 Be7xf6
6.e5 Bf6g5
7.h4 Bg5h6
8.Nb1c3 O-O
9.Bf1d3 f6
10.Nf3g5 fxg5
11.hxg5 Qd8xg5
12.O-O Nc6xd4
13.a4 Qg5xe5
14.Rf1e1 Qe5f4
15.Re1f1 Qf4h4
16.Nc3e4 Bh6f4
17.Ne4g3 Bf4xg3
18.fxg3 Qh4xg3
19.Bd3xh7 Kxh7
20.Rf1xf8 Nd4f5
21.Qd1h5 Nf5h6
22.Qh5e8 Qg3e3
23.Kf1 b6
24.Rf8h8 
1-0

[Event "Match"]
[Site "www.echecsemail.com"]
[Date "2015.01.10"]
[Round "1"]
[White "Pembertonia"]
[Black "Norbos"]
[WhiteElo "1499"]
[BlackElo "1670"]
[Result "0-1"]
[Round "1"]
1.e3 e5
2.Bf1c4 Ng8f6
3.Ng1f3 Nb8c6
4.b3 d5
5.Bc4e2 e4
6.Nf3d4 a6
7.h3 Bf8c5
8.Nd4f5 Bc8xf5
9.g4 Bf5d7
10.Nb1a3 O-O
11.d4 Bc5d6
12.Na3b1 Qd8e8
13.Nb1d2 Nc6b4
14.Nd2f1 Bd7b5
15.Nf1g3 Bd6xg3
16.fxg3 Ra8d8
17.Bc1d2 Qe8e7
18.a3 Nb4c6
19.Rh1f1 Rf8e8
20.Rf1f5 g6
21.Rf5g5 Bb5xe2
22.Qd1xe2 Qe7d6
23.Qe2h2 a5
24.a4 Nc6b4
25.Ra1c1 c5
26.c3 Nb4d3
27.Kd1 cxd4
28.cxd4 Rd8c8
29.Rc1b1 b6
30.Ke2 Rc8c2
31.Rb1d1 Qd6b4
32.Kf1 Qb4xb3
33.h4 Qb3xa4
34.h5 Kh8
35.hxg6 fxg6
36.Kg2 Nd3b2
37.Rd1h1 Rc2xd2
{ resign }
0-1

[Event "Match"]
[Site "www.echecsemail.com"]
[Date "2015.01.10"]
[Round "1"]
[White "Nestor"]
[Black "Xkafi"]
[WhiteElo "2020"]
[BlackElo "2070"]
[Result "0-1"]
[Round "1"]
1.e4 e5
2.Nb1c3 c6
3.Bf1c4 Bf8c5
4.Ng1e2 d6
5.O-O Qd8f6
6.Ne2g3 Bc5d4
7.d3 Ng8h6
8.Ng3h5 Qf6g6
9.Qd1f3 Bc8g4
10.Nh5xg7 Kd7
11.Qf3g3 Qg6xg7
12.Bc1xh6 Qg7g6
13.h3 Bg4e6
14.Qg3xg6 hxg6
15.Bc4xe6 Kxe6
16.Bh6e3 Bd4b6
17.Be3xb6 axb6
18.f4 Nb8d7
19.f5 gxf5
20.exf5 Ke7
21.Kh2 Nd7f6
22.Nc3e4 Nf6g4
23.Kg1 Ng4e3
24.f6 Kd7
25.Rf1f3 Ne3xc2
26.Rf3g3 Nc2xa1
{ resign }
0-1

[Event "Match"]
[Site "www.echecsemail.com"]
[Date "2015.01.10"]
[Round "1"]
[White "Arnpriorite"]
[Black "Silent1"]
[WhiteElo "2190"]
[BlackElo "1850"]
[Result "1-0"]
[Round "1"]
1.c4 e5
2.g3 Bf8c5
3.e3 d5
4.Bf1g2 Ng8f6
5.cxd5 Nf6xd5
6.Nb1c3 Nd5xc3
7.bxc3 O-O
8.d4 exd4
9.exd4 Bc5b6
10.Ng1e2 c6
11.O-O Bb6c7
12.Ne2f4 Bc8f5
13.Qd1b3 Nb8d7
14.Qb3xb7 Nd7b6
15.Qb7xc6 Ra8b8
16.Bc1a3 Bf5d7
17.Qc6f3 Nb6c4
18.Ba3xf8 Qd8xf8
19.Rf1e1 Bc7xf4
20.Qf3xf4 Nc4a3
21.Bg2e4 a6
22.Ra1c1 Na3c4
23.Be4d3 Bd7e6
24.Re1xe6 Nc4b2
25.Re6e3 Nb2xd3
26.Re3xd3 h6
27.Rc1e1 Rb8b2
28.Rd3d2 Rb2b8
29.Rd2e2 Rb8c8
30.Re2e3 { resign }
1-0

[Event "Match"]
[Site "www.echecsemail.com"]
[Date "2015.01.10"]
[Round "1"]
[White "Pariolinius"]
[Black "Harrytheking"]
[WhiteElo "1780"]
[BlackElo "1760"]
[Result "1-0"]
[Round "1"]
1.e4 e5
2.f4 exf4
3.Ng1f3 d6
4.d4 Qd8f6
5.Nb1c3 c6
6.Qd1e2 Bc8g4
7.Bc1d2 Ng8h6
8.O-O-O Nb8d7
9.Qe2f2 d5
10.e5 Qf6f5
11.h3 Bg4h5
12.g4 Nh6xg4
13.hxg4 Bh5xg4
14.Bf1d3 Qf5e6
15.Bd2xf4 Bf8e7
16.Rd1g1 Bg4xf3
17.Qf2xf3 O-O-O
18.Rg1xg7 f6
19.Bd3xh7 Be7f8
20.Rg7g6 Qe6e7
21.Qf3g4 Qe7f7
22.Qg4h3 Rh8xh7
23.Qh3xh7 Qf7e8
24.exf6 Nd7xf6
25.Qh7h3 Nf6d7
26.Rg6g1 Qe8e4
27.Qh3g4 Qe4xd4
28.Rg1d1 Qd4c5
29.Rh1h7 b6
30.Bf4g5 Bf8h6
31.Rh7xh6 Rd8g8
32.Qg4f5 Rg8f8
33.Rh6f6 Rf8e8
34.Rf6f7 d4
35.Qf5xd7 { resign }
1-0

[Event "Match"]
[Site "www.echecsemail.com"]
[Date "2015.01.10"]
[Round "1"]
[White "Whitekknight"]
[Black "Darknight"]
[WhiteElo "1870"]
[BlackElo "1790"]
[Result "0-1"]
[Round "1"]
1.e4 e5
2.Ng1f3 d6
3.h3 Ng8f6
4.Nb1c3 c6
5.Bf1e2 h6
6.d3 Bc8e6
7.Bc1e3 Nb8d7
8.a3 Bf8e7
9.O-O g5
10.g4 Qd8c7
11.Kg2 b6
12.Rf1h1 O-O-O
13.Nf3h2 Rd8g8
14.Nh2f1 h5
15.Nf1h2 hxg4
16.Nh2xg4 Nd7b8
17.f3 d5
18.exd5 cxd5
19.Ng4xf6 Be7xf6
20.Be3f2 Qc7d7
21.Bf2g3 Be6xh3
22.Kf2 d4
23.Nc3e4 Bf6e7
24.Bg3xe5 Rh8h7
25.Qd1g1 Nb8c6
26.Ke1 Nc6xe5
27.f4 Ne5c6
28.Kd2 Qd7f5
29.fxg5 Be7xg5
30.Kd1 Qf5f4
31.Rh1xh3 Rh7xh3
32.Be2g4 f5
33.Bg4xf5 Kc7
34.Bf5xh3 Qf4f3
35.Ke1 Bg5h4
{ resign }
0-1

[Event "Match"]
[Site "www.echecsemail.com"]
[Date "2015.01.10"]
[Round "1"]
[White "Eusegon"]
[Black "Neoncrash"]
[WhiteElo "2220"]
[BlackElo "1760"]
[Result "0-1"]
[Round "1"]
1.e4 e6
2.d3 c5
3.Ng1f3 Nb8c6
4.g3 Ng8f6
5.Bf1g2 d6
6.O-O e5
7.Nb1c3 Bf8e7
8.Bc1e3 O-O
9.Qd1d2 Nc6d4
10.Nc3e2 Nd4xf3
11.Bg2xf3 Bc8h3
12.Bf3g2 Bh3xg2
13.Kxg2 d5
14.f3 Qd8d7
 { time }
0-1

[Event "Match"]
[Site "www.echecsemail.com"]
[Date "2015.01.10"]
[Round "1"]
[White "Generalfree"]
[Black "Carloswhizz"]
[WhiteElo "1690"]
[BlackElo "1770"]
[Result "0-1"]
[Round "1"]
1.d4 d5
2.e3 c6
3.c4 Ng8f6
4.cxd5 Bc8d7
5.dxc6 Nb8xc6
6.a3 e6
7.b4 Bf8e7
8.Bc1d2 O-O
9.f3 a6
10.Bd2c3 b5
11.g4 Ra8c8
12.h4 Nf6d5
13.g5 f6
14.e4 Nd5xc3
15.Nb1xc3 e5
16.d5 Nc6d4
17.Ra1c1 f5
18.Bf1h3 Rc8c4
19.Ng1e2 Nd4xf3
20.Kf2 Nf3xh4
21.exf5 Nh4xf5
22.Qd1d3 Be7xg5
23.Rc1e1 Bg5h4
24.Kg2 Bh4xe1
25.Rh1xe1 Qd8g5
26.Ne2g3 Nf5xg3
27.Bh3xd7 Ng3f1
{ resign }
0-1

[Event "1/128 Finale"]
[Site "www.chess-mail.com"]
[Date "2015.01.10"]
[Round "1"]
[White "Ranjachess"]
[Black "Bluetealeaf"]
[WhiteElo "1230"]
[BlackElo "1700"]
[Result "1-0"]
[Round "1"]
1.Nb1c3 c6
2.d4 d5
3.Bc1f4 Ng8f6
4.Bf4xb8 Ra8xb8
5.Ng1f3 h6
6.e3 Qd8a5
7.Bf1d3 e6
8.O-O g5
9.e4 dxe4
10.Nf3e5 h5
11.Nc3xe4 Nf6xe4
12.Bd3xe4 Bf8d6
13.g3 Bd6xe5
14.dxe5 Qa5xe5
15.Qd1e2 h4
16.Be4xc6 Bc8d7
17.Qe2xe5 Ke7
18.Qe5xg5 Kd6
19.Bc6xd7 Kxd7
20.gxh4 Rh8g8
21.Ra1d1 Kc7
22.Qg5g3 Rg8xg3
23.hxg3 f5
24.f4 Rb8g8
25.Kg2 b5
26.b4 a6
27.Rf1e1 Rg8e8
28.Kh3 Re8e7
29.g4 fxg4
30.Kxg4 Re7g7
31.Kh3 Rg7f7
32.Rd1d4 Rf7f6
33.c4 Kc6
34.Re1e5 Kb6
35.c5 Kc6
36.Rd4d6 Kb7
37.f5 Rf6xf5
38.Re5xe6 Rf5f3
39.Kg4 Rf3a3
40.Rd6d7 Kc8
41.c6 { resign }
1-0

[Event "1/128 Finale"]
[Site "www.chess-mail.com"]
[Date "2015.01.10"]
[Round "1"]
[White "Cardiff"]
[Black "Henryyu"]
[WhiteElo "2010"]
[BlackElo "1189"]
[Result "1-0"]
[Round "1"]
1.d4 d5
2.c4 c6
3.cxd5 cxd5
4.Nb1c3 Ng8f6
5.Ng1f3 Nb8c6
6.g3 Bc8f5
7.a3 e6
8.Bf1g2 Bf8d6
9.O-O O-O
10.Bc1g5 h6
11.Bg5xf6 Qd8xf6
12.Nc3b5 Bd6b8
13.e3 a6
14.Nb5c3 Bb8c7
15.Ra1c1 Ra8d8
16.Nc3a4 Nc6a5
17.Rc1xc7 b5
18.Na4c5 Na5c4
19.Qd1c1 e5
20.b3 e4
21.bxc4 exf3
22.Bg2xf3 Bf5h3
23.Bf3g2 Bh3xg2
24.Kxg2  { time }
1-0

[Event "1/128 Finale"]
[Site "www.chess-mail.com"]
[Date "2015.01.10"]
[Round "1"]
[White "Gatrooper"]
[Black "Chtoubidou"]
[WhiteElo "1350"]
[BlackElo "1850"]
[Result "0-1"]
[Round "1"]
1.e4 e6
2.d4 d5
3.e5 c5
4.dxc5 Bf8xc5
5.Bc1e3 Bc5xe3
6.fxe3 Nb8c6
7.Ng1f3 Qd8b6
8.Qd1d3 Qb6xb2
9.Nf3g5 Qb2xa1
10.c3 Qa1xa2
11.Bf1e2 h6
12.Ng5h3 Nc6xe5
13.Qd3d1 Ng8f6
14.O-O O-O
15.Be2d3 Ne5xd3
16.Qd1xd3 a5
17.Nb1d2 a4
18.Nd2f3 Qa2c4
19.Qd3c2 a3
20.Nh3g5 hxg5
21.Nf3xg5 Nf6e4
22.h4 Qc4xc3
23.Qc2d1 Qc3xe3
24.Kh2 Ne4xg5
25.hxg5 a2
26.Rf1f3 Qe3xg5
27.Rf3g3 a1Q
28.Qd1xa1 Ra8xa1
29.Rg3xg5 f6
30.Rg5g3 g5
31.Rg3b3 d4
32.Kh3 Kg7
33.g3 Rf8h8
34.Kg4 e5
35.Kf3 Kg6
36.Rb3d3 f5
37.Rd3b3 e4
38.Kg2 Ra1a2
39.Kg1 d3
40.Kf1 Rh8h1
{ resign }
0-1

[Event "1/64 Finale"]
[Site "www.chess-mail.com"]
[Date "2015.01.10"]
[Round "1"]
[White "Colchester"]
[Black "Fkarpov"]
[WhiteElo "1800"]
[BlackElo "1939"]
[Result "1-0"]
[Round "1"]
1.e4 c5
2.Nb1c3 e5
3.Ng1f3 Bf8d6
4.Nc3d5 Ng8f6
5.Nd5xf6 Qd8xf6
6.d3 O-O
7.Bf1e2 Nb8c6
8.O-O Qf6e7
9.Nf3d2 a6
10.Nd2c4 Bd6c7
11.Nc4e3 d6
12.Ne3d5 Qe7d8
13.f4 Bc8e6
14.Nd5xc7 Qd8xc7
15.f5 Be6d7
16.f6 gxf6
17.Rf1xf6 Kg7
18.Qd1f1 Kg8
19.Bc1h6 Bd7e6
20.Qf1f2 Nc6e7
21.Qf2h4 Ne7g6
22.Qh4g3 Rf8e8
23.h4 Qc7e7
24.Bh6g5 Qe7f8
25.h5 h6
26.Bg5xh6 Qf8xh6
27.hxg6 Qh6g7
28.Ra1f1 Re8f8
29.gxf7 Be6xf7
30.Qg3xg7 Kxg7
31.Rf6xd6 b5
32.Rd6d7 Ra8d8
33.Rf1xf7 { resign }
1-0

[Event "1/64 Finale"]
[Site "www.chess-mail.com"]
[Date "2015.01.10"]
[Round "1"]
[White "Difficult"]
[Black "Picifarkinca"]
[WhiteElo "1880"]
[BlackElo "1970"]
[Result "0-1"]
[Round "1"]
1.d4 Ng8f6
2.c4 e6
3.Nb1c3 Bf8b4
4.Bc1g5 d5
5.e3 c6
6.Ng1f3 Nb8d7
7.Bf1d3 Qd8a5
8.Qd1d2 dxc4
9.Bg5xf6 Nd7xf6
10.Bd3c2 Nf6d5
{ resign }
0-1

[Event "Fast Game"]
[Site "www.echecsemail.com"]
[Date "2015.01.10"]
[Round "1"]
[White "Mrmoto"]
[Black "Difficult"]
[WhiteElo "1599"]
[BlackElo "1449"]
[Result "0-1"]
[Round "1"]
1.e4 d6
2.d4 Ng8f6
3.Nb1c3 g6
4.Ng1f3 Bf8g7
5.Bc1e3 O-O
6.a3 Nb8d7
7.Bf1d3 c5
8.Qd1d2 cxd4
9.Nf3xd4 Nd7e5
10.Bd3e2 a6
11.O-O Nf6g4
12.Be3f4 b5
13.b4 Ng4f6
14.Bf4g3 Bc8b7
15.f4 Ne5c6
16.Be2f3 Nc6xd4
17.Qd2xd4 Nf6xe4
18.Qd4e3 Bg7xc3
19.Ra1d1 Ne4xg3
20.hxg3 Bb7xf3
21.Rf1xf3 Bc3g7
22.Qe3e2 Qd8b6
23.Kh1 e6
24.c4 bxc4
25.Rf3c3 d5
{ resign }
0-1

[Event "Tourn. n7955"]
[Site "www.chess-mail.com"]
[Date "2015.01.11"]
[Round "1"]
[White "Anja"]
[Black "Luban"]
[WhiteElo "2000"]
[BlackElo "2180"]
[Result "1/2-1/2"]
[Round "1"]
1.d4 d5
2.Bc1f4 e6
3.Ng1f3 c5
4.e3 Ng8f6
5.c4 Nb8c6
6.cxd5 Nf6xd5
7.Bf4g3 cxd4
8.Nf3xd4 Bf8b4
9.Nb1d2 Nc6xd4
10.exd4 Qd8a5
11.a3 Bb4xd2
12.Qd1xd2 Qa5xd2
13.Kxd2 Bc8d7
14.Bf1c4 Bd7c6
15.f3 O-O
16.Bc4xd5 Bc6xd5
17.Ra1c1 Ra8c8
18.Rc1xc8 Rf8xc8
19.Rh1c1 Rc8xc1
{ draw }
1/2-1/2

[Event "Tourn. n7872"]
[Site "www.chess-mail.com"]
[Date "2015.01.11"]
[Round "1"]
[White "Churrasca"]
[Black "Osopanda"]
[WhiteElo "2100"]
[BlackElo "1920"]
[Result "0-1"]
[Round "1"]
1.e4 c6
2.d4 d5
3.exd5 cxd5
4.c4 e6
5.Ng1f3 Ng8f6
6.Nb1c3 Nb8c6
7.cxd5 exd5
8.Bf1d3 Bf8e7
9.O-O O-O
10.h3 a6
11.Bc1f4 Be7d6
12.Bf4e5 Rf8e8
13.Be5xf6 Qd8xf6
14.Nc3xd5 Qf6h6
15.Rf1e1 Bc8e6
16.Nd5b6 Ra8d8
17.d5 Nc6e5
18.dxe6 Re8xe6
19.Nf3xe5 Bd6c7
20.Nb6c4 Bc7xe5
21.Nc4xe5 Qh6f6
22.f4 h6
23.Qd1c2 Qf6xf4
24.Ne5f3 Re6xe1
25.Ra1xe1 b5
26.Nf3e5 g6
27.Bd3xg6 Rd8d2
28.Qc2c8 Kg7
29.Bg6xf7 Qf4f2
30.Kh1 Qf2xg2
{ resign }
0-1

[Event "Tourn. n8008"]
[Site "www.chess-mail.com"]
[Date "2015.01.11"]
[Round "1"]
[White "Stevo100"]
[Black "Krasin"]
[WhiteElo "2040"]
[BlackElo "2150"]
[Result "0-1"]
[Round "1"]
1.d4 Ng8f6
2.Bc1f4 d6
3.e3 g6
4.Bf1e2 Bf8g7
5.Ng1f3 O-O
6.h3 Nb8d7
7.O-O Qd8e8
8.c4 e5
9.Bf4h2 Qe8e7
10.Nb1c3 e4
11.Nf3d2 Rf8e8
12.b4 h5
13.b5 Nd7f8
14.Nd2b3 h4
15.a4 Nf8h7
16.Qd1c2 Nh7g5
17.c5 d5
18.a5 Bc8f5
19.Nc3a4 Ng5f3
20.gxf3 exf3
21.Be2d3 Bf5xh3
22.Qc2d1 Bh3g2
23.Rf1e1 Qe7e6
{ resign }
0-1

[Event "Tourn. n8000"]
[Site "www.chess-mail.com"]
[Date "2015.01.11"]
[Round "1"]
[White "Krasin"]
[Black "Cardiff"]
[WhiteElo "2150"]
[BlackElo "2030"]
[Result "1-0"]
[Round "1"]
1.f4 d5
2.Ng1f3 g6
3.g3 Bf8g7
4.Bf1g2 c6
5.O-O Ng8f6
6.d3 O-O
7.Nb1c3 d4
8.Nc3e4 Nf6d5
9.h3 b6
10.Qd1e1 Bc8b7
11.c3 c5
12.g4 dxc3
13.Ne4xc3 Nd5xc3
14.bxc3 Qd8c7
15.Bc1d2 Nb8d7
16.e4 e5
17.f5 f6
18.Qe1h4 c4
19.g5 gxf5
20.exf5 cxd3
21.g6 h6
22.Bd2xh6 Nd7c5
23.Bh6e3 Ra8d8
24.Qh4h7 { resign }
1-0

[Event "Tourn. n7873"]
[Site "www.chess-mail.com"]
[Date "2015.01.11"]
[Round "1"]
[White "Bobjones"]
[Black "Norlavuaram"]
[WhiteElo "2240"]
[BlackElo "2120"]
[Result "0-1"]
[Round "1"]
1.d4 Ng8f6
2.c4 c5
3.e3 g6
4.Ng1f3 Bf8g7
5.Bf1d3 O-O
6.O-O cxd4
7.exd4 d5
8.Nb1c3 Nb8c6
9.Bc1f4 Bc8g4
10.h3 Bg4xf3
11.gxf3 dxc4
12.Bd3xc4 Qd8xd4
13.Qd1xd4 Nc6xd4
14.Kg2 Ra8c8
15.Bc4d3 Nd4e6
16.Bf4e3 a6
17.Ra1c1 Rf8d8
18.Bd3e2 b5
19.a3 Nf6e8
20.Nc3d1 Ne8d6
21.b3 Nd6f5
22.a4 Rc8xc1
23.Be3xc1 Ne6d4
24.Nd1c3 b4
25.Be2xa6 bxc3
26.b4 Nf5h4
27.Kg3 Nd4f5
28.Kh2 Nh4xf3
29.Kh1 c2
30.Ba6b7 Rd8d1
31.Bb7a6 Bg7c3
32.Bc1a3 Bc3xb4
33.Ba3c1 Rd1xf1
34.Ba6xf1 Nf5d4
35.Bf1d3 Nd4b3
{ resign }
0-1

[Event "Tourn. n7806"]
[Site "www.chess-mail.com"]
[Date "2015.01.11"]
[Round "1"]
[White "Bigrezi"]
[Black "Naujzaid"]
[WhiteElo "1900"]
[BlackElo "1900"]
[Result "0-1"]
[Round "1"]
1.e4 c5
2.Bf1c4 d6
3.Ng1f3 Ng8f6
4.Nb1c3 e6
5.d4 cxd4
6.Nf3xd4 a6
7.Bc1g5 Bf8e7
8.O-O O-O
9.f4 Qd8c7
10.Bc4b3 Nb8c6
11.f5 Qc7b6
12.Qd1d3 Qb6xd4
13.Qd3xd4 Nc6xd4
14.Ra1d1 Nd4xb3
15.axb3 Rf8d8
16.fxe6 fxe6
17.e5 dxe5
18.Rd1e1 h6
19.Bg5h4 Rd8d2
20.Re1c1 Bc8d7
21.Bh4xf6 Be7xf6
22.Nc3e4 Rd2e2
23.Ne4xf6 gxf6
24.Rf1xf6 Bd7c6
25.Rf6xe6 Re2xg2
26.Kh1 Rg2g6
{ resign }
0-1

[Event "Tourn. n7953"]
[Site "www.chess-mail.com"]
[Date "2015.01.11"]
[Round "1"]
[White "Llcervello"]
[Black "Faerieking"]
[WhiteElo "1710"]
[BlackElo "1789"]
[Result "0-1"]
[Round "1"]
1.e4 e5
2.f3 Ng8f6
3.g4 Nf6xg4
4.h3 Qd8h4
5.Ke2 Qh4f2
6.Kd3 Qf2d4
7.Ke2 Ng4f2
8.c3 Qd4b6
9.Qd1b3 Qb6xb3
10.axb3 Nf2xh1
11.Bf1g2 Nh1g3
12.Kf2 Ng3h5
13.Kf1 Nh5f4
14.Ra1a5 Nb8c6
15.Ra5a2 Nf4xg2
16.Kxg2 f5
17.d3 Bf8c5
18.Ng1e2 fxe4
19.dxe4 O-O
20.b4 Bc5b6
21.b3 d6
22.Nb1a3 Bc8e6
23.Ra2b2 a6
24.f4 exf4
25.Ne2xf4 Rf8xf4
26.Bc1xf4 Ra8f8
27.Kf3 Nc6e5
28.Kg3 Ne5d3
29.Bf4xd6 Nd3xb2
30.Bd6xf8 Kxf8
31.c4 c5
32.Na3c2 Nb2d3
33.bxc5 Bb6xc5
34.Nc2e3 Bc5xe3
{ resign }
0-1

[Event "Tourn. n7955"]
[Site "www.chess-mail.com"]
[Date "2015.01.11"]
[Round "1"]
[White "Cardiff"]
[Black "Krasin"]
[WhiteElo "2050"]
[BlackElo "2240"]
[Result "1-0"]
[Round "1"]
1.e4 c5
2.b3 e5
3.Ng1f3 Nb8c6
4.Bc1b2 d6
5.Bf1b5 Bc8d7
6.O-O Ng8f6
7.Bb5xc6 Bd7xc6
8.d3 h6
9.Nb1d2 Bf8e7
10.Rf1e1 Qd8c7
11.Nd2f1 O-O-O
12.Nf1g3 g6
13.c3 Nf6h7
14.d4 h5
15.d5 Bc6d7
16.c4 h4
17.Ng3e2 h3
18.g3 f5
19.Ne2c3 Rd8f8
20.a4 Qc7d8
21.Nc3b5 fxe4
22.Re1xe4 Rf8xf3
23.Qd1xf3 Nh7g5
24.Qf3e2 Ng5xe4
25.Qe2xe4 Bd7f5
26.Qe4e2 Rh8f8
27.Nb5xa7 Kb8
28.Na7b5 Qd8d7
29.a5 Be7g5
30.a6 b6
31.a7 Ka8
32.Bb2c3 Rf8f7
33.Bc3d2 Bf5g4
34.Qe2e1 Bg5d8
35.Bd2e3 Bg4f3
36.b4 Rf7f6
37.bxc5 dxc5
38.Be3g5 Rf6f7
39.Bg5xd8 Qd7xd8
40.Qe1xe5 Rf7e7
41.Qe5f6 { resign }
1-0

[Event "Tourn. n7921"]
[Site "www.chess-mail.com"]
[Date "2015.01.11"]
[Round "1"]
[White "Generalfree"]
[Black "Merimee"]
[WhiteElo "1690"]
[BlackElo "1570"]
[Result "1-0"]
[Round "1"]
1.e4 e5
2.Ng1f3 Nb8c6
3.Bf1c4 Ng8h6
4.d3 Bf8c5
5.Bc1xh6 gxh6
6.a3 d6
7.b4 Bc5b6
8.c3 Bc8e6
9.Bc4xe6 fxe6
10.a4 Qd8e7
11.a5 Bb6xf2
12.Kxf2 d5
13.Nb1d2 O-O-O
14.b5 Nc6b4
15.cxb4 Qe7xb4
16.Nf3xe5 Qb4xb5
17.Qd1h5 Qb5c5
18.Ke1 Qc5e3
19.Kd1 dxe4
20.Rh1e1 Qe3f4
21.Re1xe4 Rd8d5
22.Re4xf4 Rh8d8
23.Ra1a3 Rd5b5
24.Nd2c4 a6
25.Qh5xh6 c6
26.Qh6xe6 Kc7
27.Rf4f7 Kb8
28.Ne5d7 Ka7
29.Qe6e3 Ka8
30.Nc4b6 { resign }
1-0

[Event "Tourn. n7969"]
[Site "www.chess-mail.com"]
[Date "2015.01.11"]
[Round "1"]
[White "Luban"]
[Black "Osopanda"]
[WhiteElo "2180"]
[BlackElo "2020"]
[Result "1/2-1/2"]
[Round "1"]
1.d4 d5
2.Ng1f3 Ng8f6
3.e3 g6
4.h3 Bf8g7
5.c4 c6
6.Nb1c3 O-O
7.Bf1d3 Nb8a6
8.a3 Rf8e8
9.O-O Na6c7
10.e4 dxe4
11.Nc3xe4 e5
12.dxe5 Nf6xe4
13.Bd3xe4 Bc8e6
14.b3 Qd8xd1
15.Rf1xd1 Ra8d8
16.Bc1b2 Nc7a6
17.Be4c2 Na6c5
18.b4 Nc5d7
19.c5 Be6d5
20.Rd1e1 Bd5xf3
21.gxf3 Nd7xe5
22.Bb2xe5 { draw }
1/2-1/2

[Event "Tourn. n7916"]
[Site "www.chess-mail.com"]
[Date "2015.01.11"]
[Round "1"]
[White "Olddog55"]
[Black "Jjmcbride"]
[WhiteElo "1740"]
[BlackElo "1760"]
[Result "0-1"]
[Round "1"]
1.d4 d5
2.Ng1f3 e6
3.e3 a6
4.Bf1d3 b6
5.b3 c5
6.Bc1b2 Bf8d6
7.Nf3e5 Bd6xe5
8.dxe5 Ng8e7
9.f4 Bc8b7
10.O-O Nb8d7
11.Rf1f3 f6
12.Rf3h3 g6
13.exf6 O-O
14.Qd1g4 Ne7f5
15.Nb1d2 Nd7xf6
16.Qg4g5 b5
17.e4 dxe4
18.Bb2xf6 Rf8xf6
19.Nd2xe4 Qd8d4
20.Kf1 Qd4xa1
21.Kf2 Qa1d4
22.Kf3 Bb7xe4
23.Bd3xe4 Ra8f8
24.g4 Qd4e3
25.Kg2 Qe3xe4
26.Kf2 h6
{ resign }
0-1